| 000 | 00000nam 2200000za 4500 |
| 001 | 9.847016 |
| 003 | CaOODSP |
| 005 | 20250410165338 |
| 007 | cr ||||||||||| |
| 008 | 171110s1989 onc |o f|0| 0 fre d |
| 040 | |aCaOODSP|bfre |
| 043 | |an-cn--- |
| 086 | 1 |aCS11-0019/25F-PDF |
| 100 | 1 |aBaldwin, John R. |q(John Russel) |
| 245 | 10|aAspects de l'évolution du marché du travail au Canada |h[ressource électronique] : |bmutations intersectorielles et roulement de la main-d'oeuvre / |cpar John R. Baldwin et Paul K. Gorecki. |
| 260 | |a[Ottawa] : |bStatistique Canada, |c1989. |
| 300 | |a[70] p. |
| 490 | 0 |aDocuments de recherche ; |vno. 25 |
| 500 | |aPubl. aussi en anglais sous le titre : Dimensions of labour market change in Canada: intersectoral shifts, job and worker turnover. |
| 500 | |aÉdition numérisée de l'imprimé [par Statistique Canada]. |
| 504 | |aComprend des références bibliographiques. |
| 520 | |a« Le présent document vise à mesurer différents aspects de l'évolution du marché du travail ressentie au sein de l'économie canadienne depuis 1970. Les discussions sur la capacité de l'économie à s'adapter au changement souffrent d'un manque de données sur l'ampleur des changements survenus dans le passé. »--Résumé. |
| 692 | 07|2gccst|aMarché du travail |
| 700 | 1 |aGorecki, Paul K., |d1948- |
| 710 | 2 |aStatistique Canada. |bDirection des études analytiques. |
| 775 | 08|tDimensions of labour market change in Canada |w(CaOODSP)9.847012 |
| 830 | #0|aDocuments de recherche (Statistique Canada. Direction des études analytiques)|vno 25|w(CaOODSP)9.500842 |
| 856 | 40|qPDF|s5.12 Mo|uhttps://publications.gc.ca/collections/collection_2017/statcan/11f0019m/CS11-0019-25-fra.pdf |